[Event "Let's Play Chess!"]
[Site "http://www.queenalice.com/game.php?id=1864760"]
[Date "2025.10.28"]
[Round "-"]
[White "Charles56"]
[Black "Capixaba789"]
[Result "1-0"]
[WhiteElo "1685"]
[BlackElo "1889"]

1. e4 Nf6 2. d3 d6 3. Bg5 Bg4 4. f3 Bd7 5. Na3 c5 6. g3 Nc6 7. Bxf6 exf6 8. Ne2
Be7 9. c3 Ne5 10. Bg2 b5 11. h3 a5 12. d4 Nc6 13. d5 Ne5 14. f4 Ng6 15. Qd2 b4
16. cxb4 axb4 17. Nc4 O-O 18. b3 f5 19. exf5 Bxf5 20. g4 Bc8 21. Qd3 Ba6 22. f5
Ne5 23. Nxe5 dxe5 24. Qd2 Bd6 25. h4 f6 26. Be4 c4 27. bxc4 Bxc4 28. g5 Rb8 29.
Nc1 Ba6 30. Nb3 Bc8 31. gxf6 Rxf6 32. Rh2 Bxf5 33. Bxf5 Rxf5 34. O-O-O Rh5 35.
Rh3 Be7 36. Kb1 Bxh4 37. d6 Kh8 38. Qe2 Rh6 39. Qxe5 Qd7 40. Nc5 Qxh3 41. d7 Re6
42. Qxb8+ 1-0

[Event "Let's Play Chess!"]
[Site "http://www.queenalice.com/game.php?id=1864763"]
[Date "2025.10.27"]
[Round "-"]
[White "Capixaba789"]
[Black "Charles56"]
[Result "1/2-1/2"]
[WhiteElo "1865"]
[BlackElo "1709"]

1. e4 e5 2. Nc3 Nf6 3. d4 exd4 4. Nd5 Nxd5 5. exd5 Qe7+ 6. Be2 c5 7. Nf3 g6 8.
O-O Bg7 9. Re1 O-O 10. Ng5 Re8 11. Bf4 Qf8 12. Bc7 f6 13. Nxh7 Kxh7 14. d6 f5
15. Bc4 Nc6 16. Qf3 b6 17. Re7 Nxe7 18. dxe7 Qxe7 19. Qxa8 d5 20. Bf1 Qxc7 21.
Qxd5 Bb7 22. Qb3 Qe7 23. Qh3+ Kg8 24. f3 d3 25. Bxd3 Bd4+ 26. Kf1 Bxb2 27. Rb1
Bc6 28. Bc4+ Kg7 29. Qg3 b5 30. Bd3 c4 31. Bxf5 Qe2+ 32. Kg1 Bd4+ 33. Kh1 Re6
34. Bxe6 Qxe6 35. Qc7+ Kh6 36. Qf4+ g5 37. Qxd4 a6 38. h3 Bb7 39. Qa7 Bc8 40. a4
Bd7 41. axb5 axb5 42. Rd1 Bc6 43. Qb8 1/2-1/2

[Event "Let's Play Chess!"]
[Site "http://www.queenalice.com/game.php?id=1864764"]
[Date "2025.10.27"]
[Round "-"]
[White "Charles56"]
[Black "WoodpusherKid"]
[Result "0-1"]
[WhiteElo "1737"]
[BlackElo "2552"]

1. Nc3 d5 2. d4 Nf6 3. h3 e6 4. Nf3 b6 5. Bg5 Bb7 6. e3 Be7 7. Ne5 O-O 8. Bd3 a6
9. h4 Bd6 10. h5 h6 11. Bh4 Nbd7 12. Nxd7 Qxd7 13. f4 Ne4 0-1

[Event "Let's Play Chess!"]
[Site "http://www.queenalice.com/game.php?id=1864765"]
[Date "2025.10.27"]
[Round "-"]
[White "WoodpusherKid"]
[Black "Charles56"]
[Result "1-0"]
[WhiteElo "2551"]
[BlackElo "1739"]

1. g3 e5 2. c4 Nf6 3. Bg2 a6 4. Nf3 d6 5. O-O Nc6 6. d4 Nxd4 7. Nxd4 exd4 8.
Qxd4 c5 9. Qd1 b5 10. Bxa8 Bh3 11. Bc6+ Nd7 12. cxb5 1-0

[Event "Let's Play Chess!"]
[Site "http://www.queenalice.com/game.php?id=1864766"]
[Date "2025.10.27"]
[Round "-"]
[White "Charles56"]
[Black "Capixaba789"]
[Result "0-1"]
[WhiteElo "1693"]
[BlackElo "1881"]

1. Nf3 e5 2. e4 Nf6 3. d3 Be7 4. Nc3 d5 5. exd5 O-O 6. Bg5 Nxd5 7. Bxe7 Nxe7 8.
Nxe5 Nf5 9. Nf3 Nc6 10. g4 Nfd4 11. Nxd4 Nxd4 12. Be2 Re8 13. Qd2 c5 14. O-O-O
b5 15. Ne4 Qb6 16. c3 Nxe2+ 17. Qxe2 Bb7 18. f3 a5 19. h4 b4 20. cxb4 axb4 21.
Qc2 Rxa2 22. Qb3 Ra1+ 23. Kc2 Rxd1 24. Kxd1 Ba6 25. Re1 Rd8 26. Kc1 h6 27. Rd1
Bb5 28. g5 hxg5 29. Nxg5 Qa7 30. Kb1 Ba4 31. Qa2 Bc2+ 32. Kxc2 Qxa2 33. Ne4 b3+
34. Kc3 Rd5 35. Nd2 Rh5 36. Rh1 Qa5+ 0-1

[Event "Let's Play Chess!"]
[Site "http://www.queenalice.com/game.php?id=1864767"]
[Date "2025.10.27"]
[Round "-"]
[White "Capixaba789"]
[Black "Charles56"]
[Result "1-0"]
[WhiteElo "1913"]
[BlackElo "1797"]

1. d4 d5 2. Nc3 h6 3. f4 Nf6 4. Nf3 e6 5. e3 Bb4 6. Bd2 a6 7. Bd3 Bd7 8. O-O Nc6
9. Ne5 Ba5 10. Ne2 Bxd2 11. Qxd2 Ne4 12. Qd1 O-O 13. c4 Nxe5 14. fxe5 f6 15.
cxd5 exd5 16. Nf4 Qe8 17. exf6 Rxf6 18. Nxd5 Rc6 19. b3 Be6 20. Bxe4 Bxd5 21.
Bxd5+ Kh8 22. Bxc6 Qxc6 23. d5 Qd6 24. e4 Qc5+ 25. Kh1 Re8 26. Qf3 Qd4 27. Rae1
Kg8 28. Qf7+ 1-0

[Event "Let's Play Chess!"]
[Site "http://www.queenalice.com/game.php?id=1864847"]
[Date "2025.10.29"]
[Round "-"]
[White "josebaron"]
[Black "Charles56"]
[Result "1-0"]
[WhiteElo "2182"]
[BlackElo "1721"]

1. e4 e5 2. Nf3 d6 3. d4 exd4 4. Nxd4 a6 5. Bd3 h6 6. O-O Bd7 7. Re1 Nc6 8. Nxc6
Bxc6 9. Nd2 Qf6 10. Nf3 Ne7 11. a4 g5 12. h3 O-O-O 13. c4 Bd7 14. e5 dxe5 15.
Nxe5 Nc6 16. Nxd7 Rxd7 17. Qg4 Bc5 18. Bf5 Rd8 19. Bxd7+ Rxd7 20. Re8+ Nd8 21.
Be3 Bxe3 22. fxe3 c6 23. Rd1 1-0